000 00408nam a22001697a 4500
003 SGT
020 _a9788119613991
082 _a614.1
_bO24K
100 _aKUMAR, AJAY
245 _aOSCE AND OSPE IN FORENSIC TOXICOLOGY
250 _a1ST
260 _aINDIA
_bINNOVATIVE PUB
_c2024
300 _a145
650 _aFORENSIC MEDICINE
653 _aOSCE AND OSPE IN FORENSIC TOXICOLOGY
942 _2ddc
_cBK
999 _c33590
_d33590